Statistics for Afghanistan - Sort the countries by distance.

Click here to take the quiz!

General Stats

  • This quiz has been taken 35 times
  • The average score is 4 of 12

Answer Stats

HintAnswer% Correct
ItselfAfghanistan
93%
Second no2Tajikistan
47%
Second no1China
40%
10thBhutan
33%
4thKyrgyzstan
33%
5thIndia
27%
FurthestNorth korea
27%
6thKazakhstan
20%
9thMongolia
20%
7thNepal
20%
8thRussia
20%
11thMyanmar
7%

Score Distribution

Percentile by Number Answered

Percent of People with Each Score

Your Score History

You have not taken this quiz